Protocolo terapéutico de las poliglobulias (Registro nro. 20914)
[ vista simple ]
| 000 -Cabecera | |
|---|---|
| Campo de control interno | 01663nam a2200241 4500 |
| 001 - Número de control | |
| control field | ESSALUD |
| 007 - Tipo material - Descripcion fisica - info general | |
| Tipo material - Descripcion fisica - info general | ta |
| 008 - Elementos de Longitud Fija - Información General | |
| Elementos de Longitud Fija - Información | t2024 sp ||||| |||| 00| 0 spa d |
| 040 ## - Origen de la Catalogación | |
| Origen de la Catalogación | BMG |
| 041 ## - Idioma | |
| Idioma | spa |
| 100 ## - Autor | |
| Autor | Mas Babío, R. |
| Rol del Autor | autor |
| 9 (RLIN) | 48335 |
| 245 ## - Titulo | |
| Titulo | Protocolo terapéutico de las poliglobulias |
| 300 ## - Páginas | |
| Paginación | páginas 1270-1273 |
| 520 ## - Resumen | |
| Resumen | La eritrocitosis o poliglobulia es un aumento de la masa eritrocitaria total que conlleva un aumento del número de glóbulos rojos y del hematocrito, con el consecuente aumento del riesgo trombótico y de complicaciones derivadas del mismo. Las eritrocitosis las clasificamos en función de si existe elevación o no de eritropoyetina (EPO): primaria (sin elevación de EPO, como la policitemia vera) y secundaria (EPO elevada). Además, también se clasifican en adquiridas y congénitas, en función del origen del incremento de glóbulos rojos. El objetivo fundamental en el tratamiento de estas patologías es reducir la viscosidad sanguínea (de forma farmacológica y/o con sangrías) y prevenir las complicaciones trombóticas, basándonos en un manejo individualizado y en el control de los factores de riesgo cardiovascular. |
| 650 ## - Temas - Descriptores | |
| Temas - Descriptores | POLICITEMIA |
| 9 (RLIN) | 40258 |
| 650 ## - Temas - Descriptores | |
| Temas - Descriptores | ERITROPOYETINA |
| 9 (RLIN) | 48333 |
| 653 ## - Palabras claves | |
| Palabras claves | POLIGLOBULIA |
| 700 ## - Autor Personal | |
| Autor Personal | Carreño Gómez-Tarragona, G. |
| Rol del autor | autor |
| 9 (RLIN) | 48334 |
| 700 ## - Autor Personal | |
| Autor Personal | Medina de Alba, L. |
| Rol del autor | autor |
| 9 (RLIN) | 48332 |
| 700 ## - Autor Personal | |
| Autor Personal | Martínez López, J. |
| Rol del autor | autor |
| 9 (RLIN) | 40284 |
| 773 0# - Revista (Relacion con el numero) | |
| Host Biblionumber | 15325 |
| Host Itemnumber | 21712 |
| Ciudad, Editorial | Barcelona Elsevier |
| Codigo barras item/ejemplar | MED136 |
| Titulo de la Revista | Medicine: Programa sistemático de actualización en medicina y protocolos de práctica clínica |
| Número de control de registro | (ESSALUD)ESSALUD |
| ISSN | 0304-5412 |
| 942 ## - Elementos de Koha | |
| Tipo de Documento | Artículos |
| Fecha procesamiento | 2024-12-13 |
| Catalogador | AFC |
No hay ítems disponibles.